Spolupráca bez politiky

Bibliographic Details
Main Author: fox (Author)
Corporate Author: Nadácia pre rozvoj Karpatského euroregiónu (FDCE) (Author)
Format: Article
Language:Slovak
Subjects:

MARC

LEADER 00000nab a2200000 a 4500
001 vtls000897194
003 SK-MaSNL
005 20260303173413.0
008 040720e19980227xo 0 slo
035 |a KE6217 
040 |a KEVKJB  |b slo  |c KEVKJB  |e AACR2 
041 0 |a slo 
044 |a xo  |c SK 
080 |a 061.27  |2 1981 
080 |a 341.17  |2 1981 
100 0 |a fox  |4 aut  |9 879197 
245 1 0 |a Spolupráca bez politiky 
610 2 7 |a Nadácia pre rozvoj Karpatského euroregiónu  |2 KEVKJB  |9 13450 
650 0 7 |a nadácie  |2 KEVKJB  |9 2665 
650 0 7 |a činnosť  |2 KEVKJB  |9 282874 
650 0 7 |a tlačové konferencie  |2 KEVKJB  |9 71028 
650 0 7 |a informácie  |2 KEVKJB  |9 1285 
651 7 |a Košice (Slovensko)  |2 KEVKJB  |9 18694 
651 7 |a KE,  |2 KEVKJB  |9 877256 
651 7 |a KE,  |2 KEVKJB  |9 877256 
655 7 |a periodikum  |2 snkbucl  |9 29553 
710 2 |a Nadácia pre rozvoj Karpatského euroregiónu (FDCE)  |4 aut  |9 886998 
773 0 8 |t Košický večer  |g Roč. 9  |g Roč. 30, č.40, 27.2.1998, s. 1 
852 |a ZVYKNI  |b KIS3GCP 
999 |c 2092425  |d 2094355